Countries and their Airlines - Statistics

General Stats
  • This quiz has been taken 27 times
  • The average score is 12 of 15
Answer Stats
Countries Airlines % Correct
UK British Airways
100%
UAE Emirates
100%
Australia Qantas
100%
Qatar Qatar Airways
96%
France Air France
91%
Spain Iberia
91%
Netherlands KLM
91%
USA American, Delta, United
87%
Germany Lufthansa
87%
Singapore Singapore airlines
83%
Hong Kong Cathay Pacific
74%
South Korea Korean air
57%
Indonesia Garuda Indonesia
52%
Italy ITA Airways
43%
India Vistara
22%
No matching quizzes found
Score Distribution
Percent of People with Each Score
Percentile by Number Answered
Your Score History
You have not taken this quiz